Commonhold and Leasehold Reform Act 2002 (Commencement No.2 and Savings) (England) Order 2003 (Record no. 103963)
[ view plain ]
| 000 -LEADER | |
|---|---|
| fixed length control field | 01292cam a2200229 4500 |
| 008 - FIXED-LENGTH DATA ELEMENTS--GENERAL INFORMATION | |
| fixed length control field | 050126n2003 000 0 eng u |
| 020 ## - INTERNATIONAL STANDARD BOOK NUMBER | |
| International Standard Book Number | 0110472748 |
| 035 ## - SYSTEM CONTROL NUMBER | |
| System control number | (Sirsi) u128635 |
| 041 ## - LANGUAGE CODE | |
| Language code of text/sound track or separate title | eng |
| 245 ## - TITLE STATEMENT | |
| Title | Commonhold and Leasehold Reform Act 2002 (Commencement No.2 and Savings) (England) Order 2003 |
| 260 ## - PUBLICATION, DISTRIBUTION, ETC. | |
| Place of publication, distribution, etc. | London |
| Name of publisher, distributor, etc. | HMSO |
| Date of publication, distribution, etc. | 2003 |
| 490 ## - SERIES STATEMENT | |
| Series statement | SI |
| Volume/sequential designation | 2003: 1986 |
| 520 ## - SUMMARY, ETC. | |
| Summary, etc. | Brings various provisions of the Commonhold and Leasehold Reform Act 2002 into force in England on 30 September 2003. These include ss71-113 (allowing long leaseholders to collectively manage their building), 150-155 (service charges), 157-159 (challenging charges under leases and estate management schemes) 163 and 173-176 (extension of jurisdiction of leasehold valuation tribunals) and 172 (application of landlord and tenant provisions to Crown land). Section 151 comes into force on 31 October 2003. View at www.legislation.hmso.gov.uk. |
| 590 ## - LOCAL NOTE (RLIN) | |
| Local note | CLR |
| 650 ## - SUBJECT ADDED ENTRY--TOPICAL TERM | |
| Topical term or geographic name entry element | COMMONHOLD AND LEASEHOLD REFORM ACT 2002 |
| 650 ## - SUBJECT ADDED ENTRY--TOPICAL TERM | |
| Topical term or geographic name entry element | SERVICE CHARGES |
| 650 ## - SUBJECT ADDED ENTRY--TOPICAL TERM | |
| Topical term or geographic name entry element | LEASEHOLDERS |
| 650 ## - SUBJECT ADDED ENTRY--TOPICAL TERM | |
| Topical term or geographic name entry element | LEASEHOLD VALUATION TRIBUNALS |
| 690 ## - LOCAL SUBJECT ADDED ENTRY--TOPICAL TERM (OCLC, RLIN) | |
| Topical term or geographic name as entry element | LANDLORD AND TENANT-LEASEHOLD REFORM |
| 856 ## - ELECTRONIC LOCATION AND ACCESS | |
| Uniform Resource Identifier | <a href="https://www.legislation.hmso.gov.uk/si/si2003/20031986.htm">https://www.legislation.hmso.gov.uk/si/si2003/20031986.htm</a> |
| Public note | View the SI on the HMSO website... |
| 942 ## - ADDED ENTRY ELEMENTS (KOHA) | |
| Suppress in OPAC | 0 |
| Withdrawn status | Lost status | Source of classification or shelving scheme | Damaged status | Not for loan | Home library | Current library | Shelving location | Date acquired | Total Checkouts | Full call number | Barcode | Date last seen | Copy number | Price effective from | Koha item type |
|---|---|---|---|---|---|---|---|---|---|---|---|---|---|---|---|
| Dewey Decimal Classification | Virtual | Virtual | Online | 26/01/2005 | ONLINE PUBLICATION | 128635-2001 | 06/08/2019 | 1 | 06/08/2019 | Book |